| 000 | 00757aas a2200217 4500 | ||
|---|---|---|---|
| 999 |
_c3891 _d3891 |
||
| 003 | BR-BrBNA | ||
| 005 | 20230317233930.0 | ||
| 007 | ta | ||
| 008 | 230119b bl ||||| |||| 00| 0 por d | ||
| 035 | _a000485-5 | ||
| 040 |
_aBR-BrBNA _bPor _cBR-BrBNA |
||
| 042 | _aN | ||
| 044 | _abl | ||
| 245 | _aTextos Selecionados Associação Riograndense de Empreendimentos de Assistência e Extensão Rural (Brazil) | ||
| 260 |
_aPorto Alegre-RS _bAssociação Riograndense de Empreendimentos de Assistência Técnica e Extensão Rural _c1994 _eBRS |
||
| 270 | _aRua Botafogo, 1051 - 90.150-053 | ||
| 310 | _airregular | ||
| 505 | _a1994 (4-6); 1995 (1); 1996 (8); 1997 (9-10,10 2ºed); 1998 (11-17); 1999 (20); 2002 (24); | ||
| 909 |
_a56 _bSergio Santos _c56 _dSergio Santos |
||
| 942 |
_cCR _2AGRIS |
||